000 00828na a2200265 4500
001 17108
003 MIRAKIL
005 20181213154837.0
008 161022b tu 000 0
020 _a9755320092
040 _aMilas
_btur
_cTR-AnCHP
041 _atur
082 _a343.078690263
_bY44m 1997
090 _a343.078690263 Y44m 1997
100 _aYıldırım, Fikret Kemal
245 _aMühendisler mimarlar ve bilirkişiler için mevzuat el kitabı
_cFikret Kemal Yıldırım, Tuncer Ergenekon
250 _a4. bs.
260 _aAnkara
_bTeknik Yayınevi
_c1997
300 _a778 s.
_btbl. , şkl.
_c24 sm.
650 _aMimarlık
_xHukuk ve mevzuat
_zTürkiye
650 _aMühendislik
_xHukuk ve mevzuat
_zTürkiye
650 _aİmar hukuku
_zTürkiye
700 _aErgenekon, Tuncer
942 _2ddc
_cBKS
999 _c1859
_d1859